| 000 | 00989nam a2200289 a 4500 | ||
|---|---|---|---|
| 001 | 000633540 | ||
| 003 | AM-YeHGA | ||
| 005 | 20250617140532.0 | ||
| 008 | 890310s1987 enka b 001 0 eng c | ||
| 020 | _a0861879201 | ||
| 040 | _aAM-YeHGA | ||
| 041 | 1 |
_aeng _afre |
|
| 100 | 1 | _aGreimas, Algirdas Julien. | |
| 240 | 1 | 0 |
_aEssays. _lEnglish. _kSelections |
| 245 | 1 | 0 |
_aOn meaning : _bSelected writings in semiotic theory / _cAlgirdas Julien Greimas ; Transl. by Paul J. Perron and Frank H. Collins ; Foreword by Frederic Jameson ; Introd. by Paul J. Perron. |
| 260 |
_aLondon : _bF. Pinter, _c1987. |
||
| 300 |
_axlv, 237 p. : _bill. ; _c24 cm. |
||
| 440 | 0 | _aOpen linguistics series | |
| 500 | _aTranslated from French. | ||
| 504 | _aIncludes bibliogr. references and index. | ||
| 650 | 0 | _aSemiotics. | |
| 650 | 0 | _aDiscourse analysis, Narrative. | |
| 700 | 1 |
_aPerron, Paul J. _4trl |
|
| 700 | 1 |
_aCollins, Frank H. _4trl |
|
| 700 | 1 |
_aJameson, Frederic _4aft |
|
| 090 | _c223311 | ||
| 999 |
_c221777 _d221777 |
||